Vista normal
Vista MARC
Entrada Nombre Personal
Número de registros utilizados en: 1
001 - NUMERO DE CONTROL
- control field: 17122
003 - IDENTIFICADOR DEL NÚMERO DE CONTROL
- control field: AR-RoUNA
005 - FECHA Y HORA DE LA ÚLTIMA TRANSACCIÓN
- control field: 20190730125556.0
008 - ELEMENTOS DE DATOS DE LONGITUD FIJA
- fixed length control field: 190730|| aca||aabn | a|a d
040 ## - FUENTE DE CATALOGACIÓN
- Original cataloging agency: AR-RoUNA
- Transcribing agency: AR-RoUNA
100 ## - ENCABEZADO--NOMBRE PERSONAL
- Nombre personal: Muller, Doris Maria.
670 ## - FUENTE EN LA QUE SE LOCALIZARON DATOS
- Cita fuente: Work cat.: (AR-RoUNA)2271: Souza, Celia Ferraz de. 17120, Porto Alegre e sua evolucao urbana /, 2007.